| 000 | 00663nam a2200229Ia 4500 | ||
|---|---|---|---|
| 003 | GCL | ||
| 008 | 140319s9999 xx 000 0 ara d | ||
| 040 |
_aGCL / _cGCL |
||
| 082 | 0 | 4 |
_a152.45 _bه ك |
| 100 | 1 | _aدينا اليوسف | |
| 245 | 1 | 0 |
_aكيف تكونين واثقه من نفسك / _cدينا اليوسف |
| 700 | 1 | _aمحمد غزلان | |
| 700 | 1 | _aهالة عمر | |
| 300 | _a105 ص | ||
| 490 |
_aموسوعة عالم المراة _v0 |
||
| 650 | 0 | 4 | _aعلم النفس |
| 650 | 0 | 4 | _aعلم النفس الفسيولوجى |
| 650 | 0 | 4 | _aالثقة بالنفس |
| 650 | 0 | 4 | _aالاحساس |
| 650 | 0 | 4 | _aالخجل |
| 942 |
_2ddc _cBK |
||
| 999 |
_c50648 _d50648 |
||